00863nam a2200205Ia 4500003000900000008004100009020001800050040001600068080002300084111008100107245023400188260004200422300001700464490005100481650004100532650002200573650002100595700001800616700002300634IN-BaIIA211028s9999 xx 000 0 eng d a90-277-2446-6 cIIA Library a52(082.1)bASS-132 aWorkshop on Late Stages of Stellar EvolutioncGalgary, Canadad1986 June 2-5 0aLate stages of stellar evolutionbproceedings of the workshop on late stages of stellar evolution, held in Galgary, Canada, 2-5 June, 1986cedited by S. Kwok and S. R. Pottasch  aDordrechtbD. Reidel Publishingc1987 axviii, 426p. aAstrophysics and space science library; v. 132 aAstronomy and Astrophysics Thesaurus aStellar evolution aStellar interior aKwok, S., ed. aPottasch, S. R., e